| 000 | 00721nam a2200193Ia 4500 | ||
|---|---|---|---|
| 008 | 151121s9999||||xx |||||||||||||| ||und|| | ||
| 082 | _a784।624/भट्ट | ||
| 082 | _bHNW-58540 | ||
| 100 | _aभट्ट विश्वंभरनाथ | ||
| 245 | _aबाल संगीत-शिक्षा | ||
| 260 | _b"संगीत कार्यालय, हाथरस,उत्तरप्रदेश" | ||
| 260 | _c-- | ||
| 300 | _a55 | ||
| 600 | _aभट्ट विश्वंभरनाथ | ||
| 630 | _aबाल संगीत-शिक्षा | ||
| 700 | _aभट्ट विश्वंभरनाथ | ||
| 730 | _aबाल संगीत-शिक्षा | ||
| 942 | _cBOOK | ||
| 999 |
_c1240356 _d1240353 |
||